| 000 | 00463nam a2200157Ia 4500 | ||
|---|---|---|---|
| 008 | 210716s2003 xx 000 0 und d | ||
| 020 | _a817808287X | ||
| 041 | _aeng | ||
| 082 | _a005.268 BAKA | ||
| 100 | _aBaker, Art;Lozano, Jerry. | ||
| 245 |
_aWindows 2000 device driver book: a guide for programmers. _bGuide for programmers. |
||
| 250 | _a2 | ||
| 260 |
_aNew Delhi _bPearson Education _c2003 |
||
| 300 | _axxxi,446 | ||
| 650 | _aMicrosoft Windows(005.269) | ||
| 999 |
_c185480 _d185480 |
||